| 000 | 02392cam a22004694i 4500 | ||
|---|---|---|---|
| 003 | PE-LiUPU | ||
| 005 | 20250731173335.0 | ||
| 008 | 150706s1992 miu r 000 0 eng d | ||
| 020 | _a9780822823953 | ||
| 035 | _a(Sirsi) i9780822823953 | ||
| 040 |
_aPE-LiUPU _bspa _cPE-LiUPU _erda |
||
| 049 | _aPRUA | ||
| 082 | 0 | 4 |
_a225.07 _bNIGTC1996 _221 |
| 100 | 1 |
_aKnight III, George W., _eautor. |
|
| 245 | 1 | 4 |
_aThe pastoral epistles : _ba commentary on the greek text / _cGeorge W. Knght III. |
| 264 | 1 |
_aGrand Rapids, Michigan : _bWilliam B. Eerdmans, _c1992. |
|
| 300 |
_a514 páginas ; _c24 centímetros. |
||
| 336 |
_atext _2rdacontent |
||
| 337 |
_aunmediated _2rdamedia |
||
| 338 |
_avolume _2rdacarrier |
||
| 490 | 0 | _aThe New International Greek Testament Commentary | |
| 505 | 0 | _aThe name "pastoral epistles" -- Self-tetimony regarding authorship, recipients, setting, and purposes -- Attestation in the early church realtionship to acts and the other epistles -- Critical arguments concerning authorshipPsossible date of the letters -- Commentary on 1 timothy -- Salutation -- Paul's command to timothy to withstand false doctrine and to further the gospel and its goal, which is love -- Prayer for all: conduct of women -- Qualifications for bishops and deacons -- Apostsy: a good minister's discipline -- Duties toward others -- Final indicctment of false teachers and warning aginst love of money -- Final indictment of false teachers and warning against lobe of money -- Commentary on titus -- Commentary on 2 timothy. | |
| 526 | _aSEG42 | ||
| 526 | _aSEG41 | ||
| 526 | _aSEG40 | ||
| 526 | _aSEG39 | ||
| 526 | _aP94 | ||
| 526 | _aP87 | ||
| 526 | _aP86 | ||
| 526 | _aP85 | ||
| 526 | _aP77 | ||
| 526 | _aP76 | ||
| 526 | _aP35 | ||
| 541 | _g1057695742-4939426; | ||
| 630 | 0 | 4 |
_aBiblia. _pN.T. _pEpístolas pastorales _xComentarios. |
| 910 |
_bng _cng _d20090310 |
||
| 942 |
_2ddc _cBOOK |
||
| 949 |
_a225.07 NIGTC 15 1996 _wDEWEY _c1 _i59396 _lCCODEBUL1 _mBUL _p34.00 _r0 _sY _tBOOK _u2015-7-6 _xTEOLOGIA _zUNKNOWN _0COMPRA _o.STAFF. Colección Teología |
||
| 994 |
_aC0 _bPEPRU |
||
| 596 | _a1 | ||
| 999 |
_a225.07 NIGTC 15 1996 _wDEWEY _c48983 _i59396 _d48983 _e2017-10-25 _f2021-11-9 _g5 _lCCODEBUL1 _mBUL _n1 _p34.00 _q5 _r0 _sY _tBOOK _u2015-7-6 _xTEOLOGIA _PP35 _0COMPRA _o.STAFF. Colección Teología |
||
| 980 |
_81 _gALBERTO SANCHEZ Responsable de Automatización |
||